MARC details
| 000 -LÍDER |
| campo de controle de tamanho fixo |
01765nam a2200337 4500 |
| 001 - NÚMERO DE CONTROLE |
| campo de controle |
355 |
| 003 - IDENTIFICADOR DO NÚMERO DE CONTROLE |
| campo de controle |
OSt |
| 005 - DATA E HORÁRIO DA ÚLTIMA TRANSAÇÃO |
| campo de controle |
20250528074019.0 |
| 008 - CAMPO DE DADOS FIXOS--INFORMAÇÃO GERAL |
| campo de controle de tamanho fixo |
250401b |||||||e |||| 00| 1 eng d |
| 020 ## - ISBN - INTERNATIONAL STANDARD BOOK NUMBER |
| ISBN - International Standard Book Number |
9788520914144 |
| 040 ## - FONTE DA CATALOGAÇÃO |
| Idioma da catalogação |
por |
| 041 ## - CÓDIGO DE IDIOMA |
| Código do idioma do original e/ou traduções intermediárias do texto |
fre |
| Código do idioma do texto/trilha sonora ou título diferente |
por |
| 082 ## - CDD - CLASSIFICAÇÃO DECIMAL DE DEWEY |
| Número de Classificação |
843 |
| Número do exemplar |
B386m |
| 100 1# - ENTRADA PRINCIPAL--NOME PESSOAL |
| Nome pessoal |
Beauvoir, Simone de, |
| Datas associadas ao nome |
1908-1986 |
| 9 (RLIN) |
738 |
| 240 ## - TÍTULO UNIFORME |
| Título uniforme |
La femme rompue |
| 245 ## - TÍTULO |
| Título |
A mulher Desiludida / |
| Indicação de responsabilidade, etc. |
Beauvoir, Simone de ; Tradução de Helena Silveira e Marya A. Bon Barbosa |
| 260 ## - PUBLICAÇÃO, DISTRIBUIÇÃO, ETC. |
| Local de publicação, distribuição, etc. |
São Paulo |
| Nome do editor, distribuidor, etc. |
O globo |
| Data da publicação, distribuição, etc. |
2003 |
| 300 ## - DESCRIÇÃO FÍSICA |
| Extensão |
190 p. |
| 490 1# - TÍTULO DA SÉRIE |
| Título da série |
Biblioteca Folha |
| Número do volume ou designação sequencial da série |
vol. 23 |
| 520 ## - NOTA DE RESUMO, ETC. |
| Resumo, etc. |
Em A mulher desiludida, temos a reunião de três contos: “A idade da discrição”, “Monólogo” e “A mulher desiludida”. São três histórias distintas, independentes. Na primeira, um casal de intelectuais de esquerda se vê em conflito com as posições cada vez mais conservadoras do filho, o que se pode ver como prenúncio do choque de gerações de Maio de 68. Na segunda se dá o monólogo de uma mulher angustiada e fora de si, após dois casamentos fracassados e o suicídio da própria filha. A última história trata do desmoronamento da vida de uma mulher abandonada pelo marido e desprezada pelas filhas. Indo do envelhecimento, passando pela solidão e culminando no abandono dos entes queridos, os contos refletem sobre a condição da mulher e seu papel na sociedade. |
| 650 #0 - ASSUNTO--TERMO TÓPICO |
| Cabeçalho tópico ou nome geográfico |
Literatura francesa |
| 9 (RLIN) |
122 |
| 650 #0 - ASSUNTO--TERMO TÓPICO |
| Cabeçalho tópico ou nome geográfico |
Clássicos |
| 9 (RLIN) |
77 |
| 650 #0 - ASSUNTO--TERMO TÓPICO |
| Cabeçalho tópico ou nome geográfico |
Feminismo |
| 9 (RLIN) |
516 |
| 650 #0 - ASSUNTO--TERMO TÓPICO |
| Cabeçalho tópico ou nome geográfico |
Historias curtas |
| 9 (RLIN) |
67 |
| 655 #0 - TERMO DE ÍNDICE--GÊNERO E FORMA |
| Gênero/forma/ou termo foco |
Conto |
| 655 #0 - TERMO DE ÍNDICE--GÊNERO E FORMA |
| Gênero/forma/ou termo foco |
Ficção |
| 700 ## - ENTRADA ADICIONADA - NOME PESSOAL |
| Nome pessoal |
Helena Silveira |
| Função do autor por extenso |
Tradução |
| Datas associadas ao nome |
1911- |
| 700 ## - ENTRADA ADICIONADA - NOME PESSOAL |
| Nome pessoal |
Marya A. Bon Barbosa |
| Função do autor por extenso |
Tradução |
| 9 (RLIN) |
740 |
| 830 ## - ENTRADA SECUNDÁRIA DE SÉRIE--TÍTULO UNIFORME |
| Título uniforme |
Biblioteca Folha |
| Número do volume ou designação sequencial da série |
vol. 23 |
| 9 (RLIN) |
734 |
| 942 ## - ELEMENTOS DE ENTRADA ADICIONADOS (KOHA) |
| Fonte de classificação ou esquema de arquivamento |
Classificação decimal de Dewey |
| Ocultar no OPAC |
Não |
| Tipo de material Koha |
Livros |